[Event "28th Gniot Mem 2013"]
[Site "Police POL"]
[Date "2013.07.18"]
[Round "9.14"]
[White "Aglave,A"]
[Black "Smieszek,W"]
[Result "1-0"]
[WhiteElo "2113"]
[BlackElo "1843"]

1.c4 e5 2.g3 f5 3.Bg2 Nf6 4.Nc3 Nc6 5.d3 Bb4 6.Bd2 d6 7.e3 Be6 8.Nge2 O-O
9.O-O Qe8 10.Nd5 Bxd2 11.Nxc7 Qf7 12.Nxe6 Qxe6 13.Qxd2 Kh8 14.b4 e4 15.Nf4 Qf7
16.dxe4 fxe4 17.Qxd6 Rae8 18.Nd5 Qh5 19.Nxf6 Rxf6 20.Qd1 Qf5 21.f4 Nxb4 22.Qa4 Nc6
23.Rfd1 Qc5 24.Kh1 Rh6 25.Qb3 Qh5 26.h3 Qg4 27.Kh2 Qe2 28.h4 Rg6 29.Qc3 Qg4
30.Qe1 Ne7 31.Bxe4 Nf5 32.Bxf5 Qxf5 33.e4 Qc8 34.Rac1 h6 35.Rc2 Qg4 36.e5 Rc6
37.Rd4 Ra6 38.Rcd2 Qc8 39.Qe4 Rc6 40.f5 Qb8 41.e6 Qc7 42.Rd7 Qa5 43.Qd4 Rg8
44.e7 Qxf5 45.e8=Q  1-0

[Event "II ITT LXSBC 2013"]
[Site "Sao Paulo BRA"]
[Date "2013.07.18"]
[Round "8.3"]
[White "Carneiro,Vitor Roberto Castro"]
[Black "Batista,Re"]
[Result "1-0"]
[WhiteElo "2238"]
[BlackElo "2120"]

1.c4 e5 2.g3 Nf6 3.Bg2 Nc6 4.Nc3 Bb4 5.e3 Bxc3 6.bxc3 O-O 7.e4 d6 8.Ne2 Be6
9.d3 Qc8 10.h3 Ne8 11.g4 Ne7 12.f4 exf4 13.Bxf4 Ng6 14.Bg3 Qd8 15.O-O Nh4
16.Bh1 Qg5 17.Qc1 Qxc1 18.Rfxc1 Ng6 19.Rab1 Rb8 20.Nd4 Bd7 21.Nf3 f6 22.Kf2 Ne5
23.Nxe5 fxe5+ 24.Ke3 h5 25.Bf3 hxg4 26.hxg4 Nf6 27.g5 Nh7 28.Bh4 g6 29.d4 Rfe8
30.Rb2 Be6 31.Rcb1 b6 32.c5 dxc5 33.dxc5 Rbd8 34.Be2 Nf8 35.Bg3 Bf7 36.a4 Nh7
37.cxb6 cxb6 38.Rb5 Nxg5 39.Bh4 Ne6 40.Bxd8 Rxd8 41.Rxe5 Rc8 42.Kd2 Nc5 43.Re7 Kf8
44.Rxa7 Nxe4+ 45.Ke3 Nxc3 46.Rf1 Nd5+ 47.Kd2 Ne7 48.Rf6 Kg7 49.Rxb6 Nc6 50.Rab7 Nd4
51.Bd3 Nf3+ 52.Ke2 Ne5 53.Be4 Kh6 54.a5 Bc4+ 55.Ke3 Ra8 56.Rh7+ Kxh7 57.Bxa8 Bf1
58.Bd5 Ng4+ 59.Kf4 Nf2 60.a6 Nd3+ 61.Kg5  1-0

[Event "Horsens Lang Weekend 2013"]
[Site "Horsens DEN"]
[Date "2013.07.19"]
[Round "3.10"]
[White "Thestrup,S"]
[Black "Hansen,JohnL"]
[Result "1-0"]
[WhiteElo "2156"]
[BlackElo "1925"]

1.c4 e5 2.g3 Nf6 3.Bg2 c6 4.d4 exd4 5.Qxd4 d5 6.Bg5 Be7 7.Nc3 Be6 8.cxd5 cxd5
9.Nf3 Nc6 10.Qa4 O-O 11.O-O h6 12.Bf4 a6 13.Ne5 Qb6 14.Nxc6 bxc6 15.Qc2 Rac8
16.Rfd1 Rfd8 17.Rac1 c5 18.Na4 Qb5 19.Bf1 Qc6 20.Bg2 Qb5 21.Bf1 Qc6 22.Bd2 Bd7
23.b3 Qc7 24.Bf4 Qa5 25.Bd2 Qc7 26.Nb2 Be6 27.Nd3 Bf5 28.Qb2 Ne4 29.Bf4 Qb6
30.Be3 Bg5 31.Bxg5 Nxg5 32.Qe5 Be4 33.h4 Bxd3 34.Rxd3 Qe6 35.Qxe6 Nxe6 36.Bh3 g6
37.Bxe6 fxe6 38.Rdc3 c4 39.bxc4 dxc4 40.Rxc4 Rxc4 41.Rxc4 Rd2 42.Ra4 Rd6
43.Kg2 Kf7 44.Kf3 Kf6 45.Ra5 Rb6 46.e3 Rc6 47.g4 Rd6 48.g5+ hxg5 49.hxg5+ Ke7
50.Kf4 Rc6 51.Ke5 Rb6 52.f4 Rc6 53.Ra3 Rc5+ 54.Kd4 Rc6 55.Rb3 Rd6+ 56.Ke4 Rc6
57.Rb7+ Kf8 58.Ra7  1-0

[Event "28th Avoine Open"]
[Site "Avoine FRA"]
[Date "2013.07.20"]
[Round "1.33"]
[White "Marie,M"]
[Black "Bordais,B"]
[Result "0-1"]
[WhiteElo "2214"]
[BlackElo "2017"]

1.c4 e5 2.g3 Nf6 3.Bg2 d5 4.cxd5 Nxd5 5.Nc3 Nb6 6.Nf3 Nc6 7.O-O Be7 8.a3 O-O
9.b4 Be6 10.d3 f6 11.Bb2 Qd7 12.Rc1 Rab8 13.Ne4 Nd4 14.Nxd4 exd4 15.Nc5 Bxc5
16.bxc5 Na4 17.Ba1 b5 18.cxb6 Rxb6 19.Qc2 c5 20.Rfe1 Rb3 21.e3 Nc3 22.exd4 cxd4
23.Bh3 f5 24.Qd2 Rc8 25.Qf4 Rxa3 26.Qe5 Kf7 27.Rc2 Rb3 28.Rec1 Qb5 29.Qf4 Ne2+
30.Rxe2 Rxc1+ 31.Kg2 Rxa1 32.Rxe6 Kxe6 33.Qe4+ Kf7 34.Bxf5 Ra6 35.Qf4 Qb8
36.Qxd4 Rf6 37.Be4 Rb2 38.Bd5+ Ke7 39.Qc5+ Kd8 40.Bf3 Rxf3 41.Qd5+ Ke7 42.Qc5+ Kf7
43.Qc4+ Kf8 44.Kxf3 Qb7+  0-1

[Event "36th Taminco Open"]
[Site "Ghent BEL"]
[Date "2013.07.20"]
[Round "2.8"]
[White "Docx,S"]
[Black "Giese,Tilman"]
[Result "1-0"]
[WhiteElo "2488"]
[BlackElo "2045"]

1.c4 e5 2.g3 g6 3.Bg2 Bg7 4.Nc3 d6 5.e4 Nc6 6.Nge2 Be6 7.d3 Nd4 8.Nxd4 exd4
9.Ne2 c6 10.O-O Qb6 11.Qa4 Ne7 12.b4 O-O 13.c5 Qc7 14.Bb2 b5 15.Qc2 a5 16.a3 dxc5
17.Qxc5 Qa7 18.Qc2 Rac8 19.Rfc1 a4 20.Qc5 Qxc5 21.Rxc5 Rfd8 22.Rac1 f5 23.Nf4 Bd7
24.exf5 Bxf5 25.Re1 Kf7 26.h3 Bh6 27.Rce5 Rd7 28.Ne6 Bxe6 29.Rxe6 c5 30.bxc5 Rxc5
31.Bxd4 Rc1 32.Rf6+ Ke8 33.Rxc1 Bxc1 34.Bc5 Rxd3 35.Re6 Bxa3 36.Rxe7+ Kd8
37.Bxa3 Rxa3 38.Rxh7 b4 39.Rb7 Ra1+ 40.Kh2 Rb1 41.Bd5 Rb2 42.Kg2 Kc8 43.h4 a3
44.Kh3 Rd2 45.Rxb4 Rxd5 46.Ra4 Rd3 47.Kg4 Kd7 48.Kg5 Kc6 49.g4 Kb5 50.Ra8 Rd5+
51.Kxg6 Rd6+ 52.Kg7 Ra6 53.Rb8+ Rb6 54.Rd8 a2 55.Rd1  1-0

[Event "Minsk Open 2013"]
[Site "Minsk BLR"]
[Date "2013.07.20"]
[Round "8.5"]
[White "Zhigalko,A"]
[Black "Aliavdin,N"]
[Result "1-0"]
[WhiteElo "2604"]
[BlackElo "2349"]

1.c4 e5 2.g3 Nf6 3.Bg2 Nc6 4.Nf3 Bc5 5.O-O d6 6.Nc3 a6 7.d3 h6 8.a3 O-O 9.b4 Ba7
10.Bb2 Rb8 11.Rc1 Bg4 12.h3 Bh5 13.e3 Nh7 14.Kh2 f5 15.Qd2 Ne7 16.Rce1 c6
17.Ng1  1-0

[Event "6th Paleochora Open"]
[Site "Paleochora GRE"]
[Date "2013.07.20"]
[Round "2.10"]
[White "Colovic,A"]
[Black "Kefalas,S"]
[Result "1-0"]
[WhiteElo "2502"]
[BlackElo "1989"]

1.c4 e5 2.g3 g6 3.Bg2 Bg7 4.Nc3 Ne7 5.d3 O-O 6.h4 h6 7.Bd2 c6 8.e4 Na6 9.Nge2 d6
10.Be3 Be6 11.Qd2 Kh7 12.f4 d5 13.fxe5 dxc4 14.d4 Nb4 15.Nf4 Nd3+ 16.Nxd3 cxd3
17.h5 g5 18.Qxd3 Bxe5 19.O-O-O Bg7 20.e5+ Kg8 21.Ne4 Nd5 22.a3 b5 23.Nc5 Qe7
24.Bd2 a5 25.Qe4 Rfc8 26.Bf1 Nb4 27.Nxe6 Na2+ 28.Kb1 Qxe6 29.Bh3 Qc4 30.Bxc8 Rxc8
31.Qc2 Qd5 32.Qc5 Qb3 33.Qc2 Qd5 34.b3 Qxd4 35.Kxa2  1-0

[Event "Glorney Cup 2013"]
[Site "Cardiff ENG"]
[Date "2013.07.21"]
[Round "1.8"]
[White "Rodgers,Philippe"]
[Black "Courtney,John"]
[Result "0-1"]
[WhiteElo "1726"]
[BlackElo "1999"]

1.c4 e5 2.g3 Nf6 3.Bg2 Nc6 4.Nc3 Bb4 5.Nd5 Bc5 6.Nf3 d6 7.O-O O-O 8.d3 h6
9.Bd2 a5 10.Bc3 Nxd5 11.cxd5 Nd4 12.e3 Nxf3+ 13.Bxf3 Bh3 14.Re1 Qf6 15.Bh1 Rfe8
16.Qd2 Bb6 17.Rac1 Qe7 18.d4 e4 19.f3 exf3 20.Bxf3 Qg5 21.Qf2 Bf5 22.h4 Qg6
23.h5 Qg5 24.e4 Bg4 25.Qe2 f5 26.Bxg4 Rxe4 27.Qxe4 fxe4 28.Be6+ Kh8 29.Kg2 Qxh5
30.Rxe4 Rf8 31.g4 Qh4 32.Rc2 c5 33.dxc5 Bxc5 34.Bf5 Rxf5 35.Re8+ Kh7 36.gxf5 Qg4+
37.Kh2 Qh5+  0-1

[Event "36th Taminco Open"]
[Site "Ghent BEL"]
[Date "2013.07.21"]
[Round "4.8"]
[White "Maenhout,T"]
[Black "Stone,A ENG"]
[Result "1-0"]
[WhiteElo "2380"]
[BlackElo "2190"]

1.c4 e5 2.g3 d6 3.Bg2 f5 4.Nc3 Nf6 5.d3 Be7 6.e4 c6 7.Nge2 O-O 8.O-O Be6
9.exf5 Bxf5 10.d4 Nbd7 11.h3 Bg6 12.Be3 Qc7 13.Qd2 Rad8 14.b3 a6 15.Rad1 Rfe8
16.g4 Bf8 17.Ng3 Kh8 18.d5 c5 19.Qe2 Ng8 20.h4 Be7 21.g5 Rf8 22.Bh3 Be8 23.Bf5 g6
24.Bd3 Rf7 25.Kg2 Nf8 26.Rh1 Bd7 27.h5 Kg7 28.hxg6 hxg6 29.Nh5+ Kh8 30.Rh2 Rh7
31.Rdh1 Rxh5 32.Rxh5+ gxh5 33.Qxh5+ Kg7 34.g6  1-0

[Event "Maccabiah GM1 2013"]
[Site "Jerusalem ISR"]
[Date "2013.07.21"]
[Round "1.2"]
[White "Mikhalevski,V"]
[Black "Raznikov,D"]
[Result "0-1"]
[WhiteElo "2552"]
[BlackElo "2489"]

1.c4 e5 2.g3 Nf6 3.Bg2 c6 4.d4 Bb4+ 5.Bd2 Bxd2+ 6.Qxd2 d6 7.Nc3 O-O 8.e3 Be6
9.d5 cxd5 10.cxd5 Bd7 11.b4 a5 12.b5 a4 13.Nge2 Qa5 14.Rb1 Bf5 15.e4 Bg6
16.b6 Nbd7 17.Rb5 Qa6 18.Qe3 Nc5 19.f3 Nfd7 20.Nc1 Nxb6 21.Bf1 Qa7 22.Nd3 Nbd7
23.Nb2 f5 24.exf5 Bxf5 25.Nc4 Rf6 26.Be2 Nd3+ 27.Kd2 N3c5 28.Rd1 Bg6 29.Ke1 Raf8
30.Kf1 Bh5 31.Nd2 Qb8 32.Kg2 Qe8 33.Rf1 Bg6 34.Rb4 Bf5 35.Kg1 h6 36.Rf2 Bg6
37.Bb5 Qf7 38.Rf1 Kh8 39.Be2  0-1

[Event "Czech Open B 2013"]
[Site "Pardubice CZE"]
[Date "2013.07.21"]
[Round "3.4"]
[White "Karlsson,MiJ"]
[Black "Kuzmin,Gen"]
[Result "0-1"]
[WhiteElo "2029"]
[BlackElo "2426"]

1.c4 e5 2.g3 Nf6 3.Bg2 d5 4.cxd5 Nxd5 5.Nf3 Nc6 6.O-O Nb6 7.b3 Be7 8.Bb2 Bf6
9.d3 e4 10.Qc2 exf3 11.Bxf3 Nd4 12.Bxd4 Qxd4 13.Nd2 c6 14.Rac1 O-O 15.Ne4 Bh3
16.Rfd1 Be7 17.e3 Qd7 18.Qe2 Nd5 19.Rc4 f5 20.Nc5 Bxc5 21.Rxc5 Rae8 22.Rdc1 Bg4
23.Bxg4 fxg4 24.e4 Rf3 25.d4 Nf6 26.Qc4+ Qf7 27.e5 Qxc4  0-1

[Event "Glorney Cup 2013"]
[Site "Cardiff ENG"]
[Date "2013.07.22"]
[Round "2.4"]
[White "Taylor,Adam C"]
[Black "Cormican,John"]
[Result "1-0"]
[WhiteElo "2001"]
[BlackElo "1965"]

1.c4 e5 2.g3 Nf6 3.Bg2 h6 4.Nc3 Bb4 5.Nf3 Bxc3 6.bxc3 d6 7.O-O O-O 8.d4 e4
9.Nd2 Re8 10.Qc2 Bf5 11.Qb2 Qc8 12.Re1 Bh3 13.Bxh3 Qxh3 14.Qxb7 Ng4 15.Nf1 Nd7
16.Qxc7 Ndf6 17.Be3 Rac8 18.Qxd6 Re6 19.Qb4 Nxf2 20.Bxf2 Ng4 21.e3 Rb6 22.Qa3 Rf6
23.Re2 Rf5 24.Qe7 Rh5 25.Qxe4 Nxh2 26.Nxh2 Qxh2+ 27.Kf1 Qh3+ 28.Qg2 Qg4 29.c5 Rh3
30.Rd1 Qh5 31.c6 Rh1+ 32.Bg1 Qf5+ 33.Rf2 Qb5+ 34.Re2 Rh5 35.d5 Qa4 36.Rd4 Qb5
37.d6 Rxc6 38.d7 Rf6+ 39.Bf2 Qb1+ 40.Re1 Qxa2 41.d8=Q+ Kh7 42.Qe4+ g6 43.Qxf6  1-0

[Event "Glorney Cup 2013"]
[Site "Cardiff ENG"]
[Date "2013.07.22"]
[Round "4.8"]
[White "Rodgers,Philippe"]
[Black "Koehn,Lennart"]
[Result "1-0"]
[WhiteElo "1726"]
[BlackElo "1682"]

1.c4 e5 2.g3 Nf6 3.Bg2 c6 4.d4 exd4 5.Qxd4 d5 6.Nc3 Be6 7.Nf3 Be7 8.Ng5 O-O
9.cxd5 cxd5 10.Nxe6 fxe6 11.Bh3 Qd7 12.Qe3 Kf7 13.Qd3 Nc6 14.Bg5 d4 15.Bxf6 Bxf6
16.Ne4 Be7 17.O-O Qd5 18.Rad1 Kg8 19.Bg2 Qd8 20.Qb3 Qc8 21.Bh3 Kf7 22.Qf3+ Kg8
23.Qb3 Kf7 24.f4 Na5 25.Ng5+ Bxg5 26.fxg5+ Ke7 27.Qb4+  1-0

[Event "28th Avoine Open"]
[Site "Avoine FRA"]
[Date "2013.07.23"]
[Round "4.46"]
[White "Heurtebize,C"]
[Black "Perez,Ale1"]
[Result "1-0"]
[WhiteElo "2086"]
[BlackElo "1831"]

1.c4 e5 2.g3 Nc6 3.Bg2 Bc5 4.Nc3 f5 5.e3 Nf6 6.Nge2 e4 7.d4 Be7 8.O-O d5
9.cxd5 Nxd5 10.Qb3 Be6 11.Qxb7 Ndb4 12.Qb5 Rb8 13.Qa4 Bd7 14.Qd1 Nd3 15.f3 exf3
16.Bxf3 Nxb2 17.Qc2 Nc4 18.Nd5 N6a5 19.Nef4 Bd6 20.Bh5+ Kf8 21.e4 g6 22.Be2 Nb6
23.exf5 Bxf5 24.Ne6+ Kg8 25.Rxf5 Qc8 26.Nf6+ Kf7  1-0

[Event "12th World U16 Ol"]
[Site "Chongqing CHN"]
[Date "2013.07.25"]
[Round "6"]
[White "Gagare,Shar"]
[Black "Artemiev,V"]
[Result "1/2-1/2"]
[WhiteElo "2419"]
[BlackElo "2554"]

1.c4 e5 2.g3 Nf6 3.Bg2 Nc6 4.Nc3 Bc5 5.a3 a6 6.e3 O-O 7.Nge2 d6 8.h3 Ba7
9.d3 Ne7 10.O-O c6 11.e4 b5 12.b3 Ng6 13.Kh1 Re8 14.Ra2 Bd7 15.f4 exf4 16.Nxf4 bxc4
17.dxc4 Qa5 18.Rc2 Rad8 19.b4 Qe5 20.Nxg6 hxg6 21.Bf4 Qh5 22.Qxh5 Nxh5 23.Bxd6 Bc8
24.Rd1 Be6 25.g4 Bxc4 26.gxh5 Bb3 27.Rcd2 Bxd1 28.Rxd1 gxh5 29.e5 Re6 30.Bf1 Rg6
31.Bc4 Rg3 32.Ne4 Rxh3+ 33.Kg2 Rh4 34.Re1 Bd4 35.Kg3 Rg4+ 36.Kf3 Re8 37.e6 fxe6
38.Ng3 Be5 39.Rxe5 Rxc4 40.Nxh5 Rd4 41.Bc5 Rd5 42.Ke4 Kf7 43.Nf4 Rxe5+ 44.Kxe5 Rd8
45.Ke4 Rd1 46.Nd3 Ra1 47.Ne5+ Ke8 48.Nc4 Rc1 49.Ne5 Ra1  1/2-1/2

[Event "12th World U16 Ol"]
[Site "Chongqing CHN"]
[Date "2013.07.25"]
[Round "6"]
[White "Ghosh,D"]
[Black "Alekseenko,K"]
[Result "1-0"]
[WhiteElo "2473"]
[BlackElo "2449"]

1.c4 e5 2.g3 Nc6 3.Bg2 d6 4.Nc3 f5 5.d3 Nf6 6.e4 g6 7.Nge2 Bg7 8.O-O O-O
9.h3 Be6 10.Nd5 Qd7 11.Kh2 Rae8 12.Be3 Nd8 13.Qd2 Nh5 14.exf5 gxf5 15.f4 Nc6
16.Rae1 Kh8 17.b4 a6 18.a4 b6 19.b5 axb5 20.axb5 Na5 21.Qd1 Nf6 22.Nec3 Nxd5
23.Nxd5 e4 24.dxe4 Nxc4 25.Bd4 Nb2 26.Bxb2 Bxb2 27.exf5 Bxf5 28.Qb3 Qg7 29.Nxc7 Rxe1
30.Rxe1 Bc3 31.Re8 Ba1 32.Qa2 Bc3 33.Qa8 Rxe8 34.Qxe8+ Qg8 35.Qxg8+ Kxg8
36.Nd5  1-0

[Event "12th World U16 Ol"]
[Site "Chongqing CHN"]
[Date "2013.07.27"]
[Round "8"]
[White "Ghosh,D"]
[Black "Agmanov,Zhandos"]
[Result "1-0"]
[WhiteElo "2473"]
[BlackElo "1970"]

1.c4 e5 2.g3 Nf6 3.Bg2 d5 4.cxd5 Nxd5 5.Nc3 Be6 6.Nf3 Nc6 7.O-O Bc5 8.d3 h6
9.Bd2 O-O 10.Rc1 Bb6 11.a3 f5 12.Nxd5 Bxd5 13.Bc3 Qd6 14.b4 e4 15.Ne1 Qe6
16.Qc2 Rae8 17.Qb2 Rf7 18.b5 Ne5 19.Bxe5 Qxe5 20.Qxe5 Rxe5 21.Rb1 Rfe7 22.e3 exd3
23.Nxd3 Bxg2 24.Kxg2 Rd5 25.Rb3 Red7 26.Nb2 Rd2 27.Nc4 Rc2 28.Nxb6 axb6 29.Kf3 Rdd2
30.Rb4 Kf7 31.a4 Ke6 32.e4 g5 33.exf5+ Kxf5 34.Kg2 Ke5 35.h4 Re2 36.Kf3 Red2
37.hxg5 hxg5 38.Kg4 Kf6 39.f4 gxf4 40.Rfxf4+ Kg6 41.Rbe4 Rd6 42.Re8 Rc5 43.Rb8 Rd3
44.Kh3 Rh5+ 45.Kg2 Rd2+ 46.Rf2 Rh2+ 47.Kxh2 Rxf2+ 48.Kh3 Rc2 49.Rxb7 Rc4
50.Ra7 Kg5 51.Ra8 Kh5 52.Rh8+ Kg5 53.Rh4 Rc1 54.Rd4 Rc2 55.Rg4+ Kf5 56.Rd4 Kg5
57.Rd5+ Kg6 58.Rd8 Rc4 59.Ra8 Kh5 60.Rh8+ Kg5 61.Rh4 Rc1 62.Rb4 Rc2 63.g4 Rc3+
64.Kg2 Kh4 65.Kf2 Kg5 66.Rd4 Rh3 67.Rc4 Rh7 68.Ke3 Rd7 69.Rd4 Re7+ 70.Kd3 Re1
71.Rc4 Rd1+ 72.Kc2 Rd7 73.Kc3 Rd1 74.Kc2 Rd7 75.Kb3 Kf6 76.Kb4 Ke5 77.a5 bxa5+
78.Kxa5 Kd5 79.Rc1 Rg7 80.Rc6 Rxg4 81.Rxc7 Kd6 82.Rc1 Kd7 83.b6 Rg2 84.Ka6 Ra2+
85.Kb7 Rd2 86.Kb8 Rb2 87.b7 Ra2 88.Rd1+ Ke7 89.Rd4 Ke6 90.Kc7 Rc2+ 91.Kb6 Ke5
92.Rb4  1-0

[Event "12th World U16 Ol"]
[Site "Chongqing CHN"]
[Date "2013.07.27"]
[Round "8"]
[White "Gagare,Shar"]
[Black "Akhmetov,Ay"]
[Result "1-0"]
[WhiteElo "2419"]
[BlackElo "2385"]

1.c4 e5 2.g3 d6 3.Bg2 f5 4.d3 Nf6 5.Nc3 g6 6.Nf3 Bg7 7.O-O h6 8.Rb1 O-O 9.b4 Nc6
10.b5 Ne7 11.Nd2 g5 12.Ba3 f4 13.c5 Kh8 14.cxd6 cxd6 15.Qa4 Nf5 16.Nc4 Rf7
17.b6 a6 18.e4 fxe3 19.fxe3 Bf8 20.Nd5 Rb8 21.Nxf6 Rxf6 22.e4 Bd7 23.Qa5 Nd4
24.Bxd6 Bxd6 25.Nxd6 Nb5 26.Nf7+ Rxf7 27.Rxf7 Be6 28.Rff1 Qxd3 29.a4 Qd4+
30.Kh1 Nc3 31.Rb4 Qd6 32.Rb2 Rc8 33.Rd2  1-0

[Event "ch-AUT w 2013"]
[Site "Feldkirch AUT"]
[Date "2013.07.27"]
[Round "8.4"]
[White "Hapala,M"]
[Black "Froewis,A"]
[Result "1/2-1/2"]
[WhiteElo "1783"]
[BlackElo "2041"]

1.c4 e5 2.g3 Nc6 3.Bg2 g6 4.Nc3 Bg7 5.d3 d6 6.f4 exf4 7.Bxf4 Nge7 8.Qd2 h6
9.h4 f6 10.Nd5 Nf5 11.e4 Nfd4 12.Nf3 Bg4 13.Nxd4 Nxd4 14.c5 Rc8 15.cxd6 cxd6
16.O-O Qd7 17.Bxh6 Bxh6 18.Nxf6+ Ke7 19.Qf2 Ne2+ 20.Kh2 Qe6 21.Qxa7 Kd8 22.Qxb7 Bg5
23.Qb6+ Rc7 24.Nd5 Rxh4+ 25.gxh4 Qe5+ 26.Kh1 Ng3+ 27.Kg1 Ne2+ 28.Kh1 Ng3+
29.Kg1 Ne2+ 30.Kh1  1/2-1/2

[Event "Karpacz Open 2013"]
[Site "Karpacz POL"]
[Date "2013.07.27"]
[Round "6.16"]
[White "Paluch,Andrzej"]
[Black "Pyzio,Amelia"]
[Result "1-0"]
[WhiteElo "1548"]
[BlackElo "1328"]

1.c4 e5 2.g3 Nf6 3.Bg2 Bc5 4.Nc3 Nc6 5.e3 d6 6.Nge2 Bg4 7.Qb3 Bb6 8.Qa4 Qd7
9.b4 O-O 10.O-O Bh3 11.Nd5 Nh5 12.Re1 Bxg2 13.Kxg2 e4 14.Nef4 Qg4 15.Qd1 Nxf4+
16.exf4 Qe6 17.d3 Qd7 18.Rxe4 Rfe8 19.Qf3 Nd4 20.Qh5 Ne6 21.f5 Nf8 22.f6 Rxe4
23.dxe4 Ne6 24.fxg7 Kxg7 25.Qg4+ Kf8 26.Bh6+ Ke8 27.Qg8+ Nf8 28.Qxf8+  1-0

[Event "VIII Vladimir Dvorkovich Open"]
[Site "Taganrog RUS"]
[Date "2013.07.28"]
[Round "7.3"]
[White "Belous,V"]
[Black "Esipenko,Andrey"]
[Result "1-0"]
[WhiteElo "2551"]
[BlackElo "2203"]

1.c4 e5 2.g3 Nf6 3.Bg2 Nc6 4.Nf3 Bc5 5.O-O d6 6.Nc3 a6 7.a3 O-O 8.e3 Bf5
9.d4 Ba7 10.h3 h6 11.b4 e4 12.Nd2 Re8 13.Bb2 h5 14.Nd5 Nxd5 15.cxd5 Ne7 16.Bxe4 Bxe4
17.Nxe4 Ng6 18.Qf3 h4 19.Kh2 Qe7 20.Nc3 hxg3+ 21.Qxg3 c6 22.Rae1 Rac8 23.f4 Nf8
24.Rg1 f6 25.Rg2 Rc7 26.Ree2 Qf7 27.f5 Bb8 28.Qf3 c5 29.Ne4 Nh7 30.Nxd6 Rd7
31.dxc5 Bxd6+ 32.cxd6 Rxd6 33.e4 Rd7 34.Bc1 Kh8 35.Bf4 Rde7 36.d6 Rd7 37.e5 fxe5
38.Bxe5 Nf6 39.Bxf6 gxf6 40.Qg3  1-0

[Event "12th World U16 Ol"]
[Site "Chongqing CHN"]
[Date "2013.07.29"]
[Round "10"]
[White "Gagare,Shar"]
[Black "Asgarizadeh,A"]
[Result "1-0"]
[WhiteElo "2419"]
[BlackElo "2339"]

1.c4 e5 2.g3 Nc6 3.Bg2 Bc5 4.Nc3 d6 5.a3 a6 6.e3 Bf5 7.d3 Nf6 8.h3 O-O 9.Nge2 Qd7
10.Nd5 Nxd5 11.cxd5 Ne7 12.d4 Bb6 13.b3 Rae8 14.Bb2 Nc8 15.Rc1 Bg6 16.O-O f5
17.Qd2 Bh5 18.Rfe1 Bxe2 19.Rxe2 e4 20.a4 Ne7 21.a5 Ba7 22.Qb4 b5 23.axb6 Bxb6
24.Qc4 Ra8 25.Rec2 Qe8 26.Ra1 a5 27.Bc3 Ra7 28.Rca2 Qa8 29.f3 exf3 30.Bxf3 Rb8
31.e4 fxe4 32.Bxe4 Qb7 33.Rf1 Qa6 34.Qa4 Qc8 35.Kg2 Qe8 36.Qc4 Qh5 37.Bf3 Qg5
38.Bg4 Raa8 39.Re2 Ng6 40.Bd2 Qd8 41.h4 h6 42.Bh5 Nf8 43.Rf7  1-0

[Event "5th Rethymno Open"]
[Site "Rethymno GRE"]
[Date "2013.07.29"]
[Round "2.3"]
[White "David,Alb"]
[Black "Soukos,K"]
[Result "1/2-1/2"]
[WhiteElo "2589"]
[BlackElo "2142"]

1.c4 e5 2.g3 Nf6 3.Bg2 Nc6 4.Nc3 Bb4 5.Nd5 O-O 6.Nxb4 Nxb4 7.d3 h6 8.Nf3 d6
9.b3 Nc6 10.Bb2 Bf5 11.h3 Qd7 12.e4 Bh7 13.O-O Qe7 14.Nh4 Nd4 15.Bxd4 exd4
16.f4 Nd7 17.Qd2 c5 18.Rae1 Rab8 19.Nf3 a6 20.e5 b5 21.g4 Rfe8 22.exd6 Qxd6
23.f5 b4 24.Re2 Kf8 25.Rfe1 a5 26.Re4 Rxe4 27.Rxe4 Nf6 28.Re5 Re8 29.Qf4 Re7
30.Qh2 g6 31.fxg6 Bxg6 32.Bf1 Rxe5 33.Nxe5 Kg7 34.Qe2 Qe6 35.Kf2 Qd6 36.Ke1 Qe6
37.Bg2 Qd6 38.Bf3 Ng8 39.Nc6 Qg3+ 40.Kd2 Qf4+ 41.Kc2 Qd6 42.Kb2 Qc7 43.a4 f6
44.Bd5 Bf7 45.Kb1 Kf8 46.Qf3 Be8 47.Bxg8 Qxc6 48.Bd5 Qd6 49.Be4 Qe5 50.Kc1 Kg7
51.Kd1 h5 52.h4 hxg4 53.Qxg4+ Kf8 54.Ke1 Qh2 55.Kf1 Qe5 56.Kg2 Bh5 57.Qc8+ Kg7
58.Qd7+ Kf8 59.Qh7 Bf7 60.Qh6+ Ke7 61.Bf3 Qf5 62.Be4 Qg4+ 63.Kf2 Bh5 64.Qh7+ Kd6
65.Qb7 Qxh4+ 66.Kg2 Qg4+ 67.Kh2 Qh4+ 68.Kg2 Qg4+ 69.Kh2 Qh4+ 70.Kg2 Qg4+  1/2-1/2

[Event "5th Rethymno Open"]
[Site "Rethymno GRE"]
[Date "2013.07.29"]
[Round "3.11"]
[White "Heikkila,A"]
[Black "David,Alb"]
[Result "0-1"]
[WhiteElo "1956"]
[BlackElo "2589"]

1.c4 e5 2.g3 Nf6 3.Bg2 h6 4.Nc3 Bb4 5.Nf3 Qe7 6.O-O O-O 7.Ne1 c6 8.Nc2 Ba5
9.Ne3 d6 10.Rb1 Be6 11.b3 Na6 12.Bb2 Bb6 13.Nc2 Rfd8 14.Na4 Bc7 15.f4 exf4
16.Rxf4 Ng4 17.e3 Ne5 18.d4 Ng6 19.Rf2 d5 20.c5 Nb8 21.Nc3 Nd7 22.Ne2 Nf6
23.Nf4 Bg4 24.Bf3 Bxf3 25.Qxf3 Ne4 26.Rg2 Re8 27.Rf1 Qd7 28.h4 Ne7 29.Ne1 Nf5
30.Ned3 Nd2 31.Rxd2 Rxe3 32.Qh5 Nxg3 33.Qd1 Nxf1 34.Qxf1 Qf5 35.Ng2 Bh2+  0-1

[Event "Biel MTO 2013"]
[Site "Biel SUI"]
[Date "2013.07.30"]
[Round "8.14"]
[White "Donchenko,Alexa"]
[Black "Schoorl,R"]
[Result "1-0"]
[WhiteElo "2477"]
[BlackElo "2340"]

1.c4 e5 2.g3 c6 3.d4 e4 4.Bg2 Nf6 5.Nc3 Bb4 6.Qb3 Bxc3+ 7.Qxc3 d5 8.Bg5 Nbd7
9.cxd5 cxd5 10.Qa3 Qe7 11.Qxe7+ Kxe7 12.Nh3 h6 13.Bd2 b6 14.Bb4+ Kd8 15.Rc1 Ba6
16.Kd2 g5 17.Rc3 Re8 18.Re1 Re6 19.f4 exf3 20.exf3 Rc8 21.Rxc8+ Kxc8 22.Nf2 Rxe1
23.Kxe1 Kd8 24.Kd2 Ke8 25.Bd6 Nf8 26.Nd1 Ne6 27.Kc3 Kd7 28.Bb4 h5 29.Ne3 Bb7
30.a4 a5 31.Ba3 g4 32.h4 gxf3 33.Bxf3 Ng7 34.Bf8 Ne6 35.Ba3 Ng7 36.Bg2 Ne4+
37.Bxe4 dxe4 38.d5 Ba6 39.Kd4 Bd3 40.Ke5 Ne8 41.g4 Be2 42.gxh5 Bxh5 43.Kxe4 Ng7
44.Ke5 Bg6 45.Nc4 Kc7 46.Kf6 Nh5+ 47.Ke7 Ng7 48.d6+ Kb7 49.d7 Nf5+ 50.Kf6 Kc7
51.Nxb6 Nd4 52.Bd6+  1-0

[Event "Karpacz Open 2013"]
[Site "Karpacz POL"]
[Date "2013.07.30"]
[Round "9.10"]
[White "Piela,Dominik"]
[Black "Winkler,Michal"]
[Result "1-0"]
[WhiteElo "1478"]
[BlackElo "1289"]

1.c4 e5 2.g3 Nf6 3.Bg2 d6 4.Nc3 c6 5.d4 exd4 6.Qxd4 Be6 7.e4 Be7 8.Bf4 O-O
9.Nge2 Nbd7 10.b3 Nb6 11.Rd1 Ne8 12.O-O a5 13.Qe3 a4 14.c5 axb3 15.axb3 Bxb3
16.Rb1 Nc4 17.Qd3 Na5 18.Rfc1 Bc4 19.Qc2 dxc5 20.Rd1 Qc8 21.Na4 Ra6 22.Nb6 Qe6
23.Nxc4 Nxc4 24.Rxb7 Ned6 25.Bxd6 Bxd6 26.Bh3 Qxh3 27.Qxc4 Raa8 28.Rxd6 Ra1+
29.Nc1 Qh5 30.Kg2 Qe5 31.Rxf7 Rxc1 32.Qb3 Qxe4+ 33.Kh3 Rc4 34.Rxf8+ Kxf8
35.Qb8+ Kf7 36.Qc7+ Qe7 37.Rd7 Qxd7+ 38.Qxd7+ Kf8 39.Qd6+ Ke8 40.Qe6+ Kd8
41.Qxc4 Ke7 42.Qxc5+ Kd7 43.Kg4 g6 44.Kg5 Kc7 45.Kf6 Kb7 46.Ke7 h5 47.Kd7 Kb8
48.Qxc6 g5 49.Qc7+ Ka8 50.Kc6 g4 51.Qb7+  1-0

[Event "5th Rethymno Open"]
[Site "Rethymno GRE"]
[Date "2013.07.30"]
[Round "4.23"]
[White "Marountas,I"]
[Black "Adamopoulos,I"]
[Result "1-0"]
[WhiteElo "2128"]
[BlackElo "2039"]

1.c4 e5 2.g3 Nc6 3.Bg2 f5 4.Nc3 Nf6 5.d3 Bb4 6.Bd2 Bxc3 7.Bxc3 O-O 8.Nf3 d6
9.O-O Bd7 10.b4 Rb8 11.a4 h6 12.b5 Ne7 13.c5 Be6 14.cxd6 cxd6 15.Rc1 Rc8
16.Qd2 Qd7 17.Bb2 Ng6 18.Rxc8 Rxc8 19.e3 a6 20.bxa6 bxa6 21.Qa5 Bb3 22.Ra1 Rc2
23.Qb4 Rxb2 24.Qc3 Ra2 25.Qxb3+  1-0

[Event "5th Rethymno Open"]
[Site "Rethymno GRE"]
[Date "2013.08.03"]
[Round "8.20"]
[White "Marountas,I"]
[Black "Godbole,A"]
[Result "1-0"]
[WhiteElo "2128"]
[BlackElo "1943"]

1.c4 e5 2.g3 Nf6 3.Bg2 Nc6 4.Nc3 Bb4 5.Nd5 Bc5 6.e3 d6 7.Ne2 Bf5 8.d4 Bb6
9.O-O exd4 10.Nxd4 Nxd4 11.exd4 Nxd5 12.Bxd5 O-O 13.Bxb7 Rb8 14.Bg2 Qf6 15.Be3 Qg6
16.c5 dxc5 17.dxc5 Ba5 18.Qa4 Qa6 19.Bd2 Bd3 20.Qxa5 Bxf1 21.Bxf1 Qb7 22.b4 Qd5
23.Be3 Rfe8 24.Qa3 Qe4 25.b5 c6 26.bxc6 Qxc6 27.Rc1 Rbc8 28.Bg2 Qb5 29.c6 a6
30.c7 Qd7 31.Bc6 Qe7 32.Qxa6 Qe6 33.Bb7  1-0

[Event "FSIM August 2013"]
[Site "Budapest HUN"]
[Date "2013.08.04"]
[Round "2.5"]
[White "Betaneli,A"]
[Black "Von Bahr,O"]
[Result "1-0"]
[WhiteElo "2247"]
[BlackElo "2311"]

1.c4 e5 2.g3 Nf6 3.Bg2 c6 4.d4 Bb4+ 5.Bd2 Bxd2+ 6.Qxd2 d6 7.Nc3 O-O 8.e3 Be6
9.b3 exd4 10.Qxd4 d5 11.cxd5 Nxd5 12.Nxd5 Bxd5 13.Bxd5 cxd5 14.Ne2 Nc6 15.Qc3 Qd7
16.O-O Rfe8 17.Rad1 Rad8 18.Rd2 Ne5 19.Kg2 Qf5 20.Ng1 h5 21.Qd4 Qe4+ 22.f3 Qxd4
23.exd4 Nc6 24.Kf2 g5 25.Ne2 f6 26.h4 Kf7 27.Rh1 Kg6 28.g4 hxg4 29.h5+ Kh7
30.fxg4 Re4 31.Rg1 a5 32.Rg3 Rde8 33.Nc3 Rxd4 34.Rxd4 Nxd4 35.Nxd5 Re2+ 36.Kf1 Kg7
37.Rc3 Rxa2 38.Rc7+ Kf8 39.Nxf6 Nxb3 40.h6 Rh2 41.h7 Rh6 42.Nh5 b6 43.Rc8+ Kf7
44.h8=Q Rxh8 45.Rxh8 a4 46.Rh7+ Ke6 47.Rb7 Kd5 48.Rxb6 Kc4 49.Ra6 Kb5 50.Ra8 Na5
51.Ng3 a3 52.Ne2 Kb4 53.Rb8+ Kc4 54.Nc1 Kc3 55.Ke2 Kc2 56.Rc8+  1-0

[Event "5th Rethymno Open"]
[Site "Rethymno GRE"]
[Date "2013.08.04"]
[Round "9.12"]
[White "Marountas,I"]
[Black "Goumas,G"]
[Result "0-1"]
[WhiteElo "2128"]
[BlackElo "2381"]

1.c4 e5 2.g3 c6 3.Bg2 d5 4.cxd5 cxd5 5.Qb3 Nf6 6.Nc3 Nc6 7.Nxd5 Nd4 8.Nxf6+ gxf6
9.Qd1 Qc7 10.Kf1 Be6 11.b3 Nc2 12.Rb1 Rc8 13.Bb2 Ba3 14.Bc3 Nb4 15.Bxb4 Bxb4
16.Nf3 O-O 17.h3 Rfd8 18.d3 Qc2 19.Qxc2 Rxc2 20.Ne1 Rxa2 21.Bxb7 Rb8 22.Bf3 a5
23.Ng2 Bxb3 24.Ne3 a4 25.Kg2 Rd8 26.Bd5 Rxd5 27.Rxb3 Rb5 28.Rbb1 h5 29.Rhc1 Rc5
30.Nc4 Ba5 31.Ra1 Rxe2 32.Rxa4 Bc7 33.Kf3 Rb2 34.Nxb2 Rxc1 35.Rc4 Rb1 36.Na4 Ba5
37.Nc5 Kg7 38.Rc2 Bb6 39.Ne4 Bd4 40.g4 Rh1 41.Kg2 Rd1 42.Rd2 Rxd2 43.Nxd2 f5
44.gxh5 Kh6 45.Nc4 Kxh5 46.f4 f6 47.Kf3 Kg6 48.Nd6 Bc3 49.Ke3 Bb2 50.Kf3 Bc1
51.fxe5 fxe5 52.Nc4 Kf6 53.Ne3 Bxe3 54.Kxe3 Kg5 55.d4 f4+ 56.Ke4 exd4 57.Kxd4 Kh4
58.Ke4 Kg3 59.h4 f3 60.h5 f2  0-1